| 000 | 00954nam a2200265Ia 4500 | ||
|---|---|---|---|
| 003 | OSt | ||
| 005 | 20221005111459.0 | ||
| 006 | a|||||r|||| 00| 0 | ||
| 007 | ta | ||
| 008 | 221004b |||||||| |||| 00| 0 hin d | ||
| 020 |
_a8126005173 (pbk) _c200 |
||
| 024 | _a93421 | ||
| 037 |
_b527, 19/03/2009, Vani Prakashan _cTextual |
||
| 040 |
_aCRL _cCRL _bhin |
||
| 041 |
_2hin _ahin |
||
| 082 | _aO152,1J32:g, P8 | ||
| 100 | _aतिवारी, रामजी | ||
| 245 | 0 | _aगोस्वामी तुलसीदास | |
| 246 | _aGoswāmī tulasīdāsa | ||
| 260 |
_aनई दिल्ली _bसाहित्य अकादमी भारत _c2008 |
||
| 300 |
_a140पृ0 _ccm. |
||
| 490 | _aभारतीय साहित्य के निर्माता | ||
| 942 |
_hO152,1J32:g, P8 _cTEXL _2cc |
||
| 999 |
_c1021973 _d1021973 |
||